00325nam a2200121Ia 4500008004100000041000800041082001900049100001900068245004500087260002900132300003000161365001200191240624s9999 xx 000 0 und d aeng a629.222068 PAR aPARMENT ANDERS aAUTO BRAND BUILDING SUCCESSFUL CAR BRAND c2014aLondonbKogan Page aix, : 254 : p. : cm. ; 23 cGBPb30